00377 a2200133 4500001001000000005001700010008004100027245002900068100002300097700002500120700002600145773005500171999001700226ART_3960320260410162000.0260409a 10aComunicaciones celulares1 aReig Pascual, Juan1 aDmitruk, Andrés E.1 aFoti, Antonio Roberto0 tPropuestasg- Año 3, Nº 6 (dic. 1997)wREV28258 c31223d31223